Квиз о Аустрији - Statistics

General Stats
  • This quiz has been taken 335 times
  • The average score is 11 of 22
Answer Stats
Опис Одговор % Correct
Највећи градови Беч
99%
Званичан језик Немачки
94%
Најдужа река Дунав
85%
Компоновао је "Чаробну фрулу" Волфганг Амадеус Моцарт
80%
Назив главног града на немачком језику(у српском језику је архаичан назив) Вијена
77%
Чувени бодибилдер и звезда акционих филмова 1980-их Арнолд Шварценегер
66%
Звезда Тарантинових филмова Кристоф Валц
61%
Град где је композитор изнад рођен Салцбург
59%
Дворански плес у 3/4 такту Валцер
56%
Национални спорт Алпско скијање
55%
Највећи градови Линц
54%
Познати психоаналитичар Сигмунд Фројд
49%
Аустријски цар, 1848–1916 Франц Јозеф
36%
Дуговладајућа династија Хабзбург
33%
Град домаћин Зимских олимпијских игара Инсбрук
33%
Бивша валута Шилинг
33%
Шампион Формуле 1, познат и по ожиљку на лицу Ники Лауда
30%
Највећи градови Грац
28%
Титула коју је носио Франц Фердинанд Надвојвода
26%
Слатка тестенина пуњена јабукама Штрудла
15%
Национални цвет Рунолист
7%
Највиша планина Гросглокнер
4%
No matching quizzes found
Score Distribution
Percent of People with Each Score
Percentile by Number Answered
Your Score History
You have not taken this quiz